[Event "XVII Open Internacional Villa de Ibi"]
[Site "Ibi, Spain"]
[Date "2019.09.08"]
[Round "7.3"]
[White "Plaskett, H James"]
[Black "Cruz Lledo, Pablo"]
[Result "1/2-1/2"]
[WhiteElo "2415"]
[BlackElo "2452"]
[PlyCount "71"]
[EventDate "2019.??.??"]

1. c4 {[%clk 00:14:48]} 1... c6 {[%clk 00:15:04]} 2. e4 {
[%clk 00:14:47]  [%emt 00:00:04]} 2... e6 {[%clk 00:15:05]} 3. Nc3 {
[%clk 00:13:22]  [%emt 00:01:22]} 3... d5 {[%clk 00:15:01]  [%emt 00:00:39]} 4.
d4 {[%clk 00:13:21]} 4... dxe4 {[%clk 00:14:53]  [%emt 00:00:03]} 5. Nxe4 {
[%clk 00:13:20]} 5... Bb4+ {[%clk 00:14:53]} 6. Nc3 {
[%clk 00:13:08]  [%emt 00:00:03]} 6... Nf6 {[%clk 00:14:38]  [%emt 00:00:14]}
7. Nf3 {[%clk 00:13:04]  [%emt 00:00:11]} 7... O-O {[%clk 00:14:34]} 8. Bd3 {
[%clk 00:12:38]  [%emt 00:00:25]} 8... c5 {[%clk 00:14:35]  [%emt 00:00:23]} 9.
O-O {[%clk 00:11:54]  [%emt 00:00:23]} 9... cxd4 {
[%clk 00:14:23]  [%emt 00:00:37]} 10. Nxd4 {[%clk 00:11:54]} 10... e5 {
[%clk 00:14:16]} 11. Nde2 {[%clk 00:11:21]  [%emt 00:00:24]} 11... Bg4 {
[%clk 00:13:56]  [%emt 00:00:23]} 12. Qc2 {[%clk 00:10:56]  [%emt 00:00:27]}
12... Nc6 {[%clk 00:13:48]  [%emt 00:00:51]} 13. Bg5 {[%clk 00:10:19]} 13... h6
{[%clk 00:13:48]  [%emt 00:00:11]} 14. Bh4 {[%clk 00:10:20]} 14... Be7 {
[%clk 00:13:33]  [%emt 00:00:13]} 15. a3 {[%clk 00:09:28]  [%emt 00:00:48]}
15... Nd4 {[%clk 00:13:09]  [%emt 00:00:26]} 16. Nxd4 {
[%clk 00:09:25]  [%emt 00:00:37]} 16... exd4 {[%clk 00:13:09]} 17. Bxf6 {
[%clk 00:09:15]} 17... Bxf6 {[%clk 00:13:02]} 18. Nd5 {
[%clk 00:09:06]  [%emt 00:00:04]} 18... Be6 {[%clk 00:12:41]  [%emt 00:00:21]}
19. Be4 {[%clk 00:08:31]  [%emt 00:00:39]} 19... Rc8 {
[%clk 00:12:41]  [%emt 00:00:04]} 20. Qb3 {[%clk 00:07:55]  [%emt 00:00:32]}
20... b6 {[%clk 00:12:37]  [%emt 00:00:11]} 21. Rfd1 {
[%clk 00:07:33]  [%emt 00:00:22]} 21... Re8 {[%clk 00:12:28]  [%emt 00:00:14]}
22. Qd3 {[%clk 00:07:16]  [%emt 00:01:01]} 22... Bxd5 {
[%clk 00:11:44]  [%emt 00:00:03]} 23. Bxd5 {[%clk 00:07:16]  [%emt 00:00:03]}
23... Qd6 {[%clk 00:11:31]  [%emt 00:00:14]} 24. g3 {
[%clk 00:07:07]  [%emt 00:00:09]} 24... b5 {[%clk 00:11:13]  [%emt 00:00:43]}
25. Rac1 {[%clk 00:07:04]} 25... bxc4 {[%clk 00:11:04]} 26. Bxc4 {
[%clk 00:07:05]  [%emt 00:00:10]} 26... Rc7 {[%clk 00:10:44]  [%emt 00:00:18]}
27. a4 {[%clk 00:06:29]  [%emt 00:00:34]} 27... a5 {
[%clk 00:10:15]  [%emt 00:00:23]} 28. Qf5 {[%clk 00:06:09]  [%emt 00:00:35]}
28... Re5 {[%clk 00:09:56]  [%emt 00:00:17]} 29. Qf3 {[%clk 00:06:08]} 29... g6
{[%clk 00:09:25]  [%emt 00:00:26]} 30. b3 {[%clk 00:05:14]  [%emt 00:01:01]}
30... Kg7 {[%clk 00:09:25]} 31. Kg2 {[%clk 00:04:55]  [%emt 00:00:21]} 31...
Rce7 {[%clk 00:09:09]  [%emt 00:00:14]} 32. Bd3 {
[%clk 00:04:28]  [%emt 00:00:30]} 32... Rc5 {[%clk 00:08:49]  [%emt 00:00:25]}
33. Rc4 {[%clk 00:04:06]  [%emt 00:00:21]} 33... h5 {
[%clk 00:08:29]  [%emt 00:00:24]} 34. Rxc5 {[%clk 00:03:25]  [%emt 00:00:43]}
34... Qxc5 {[%clk 00:08:29]  [%emt 00:00:03]} 35. Bc4 {
[%clk 00:03:24]  [%emt 00:00:32]} 35... h4 {[%clk 00:08:13]} 36. Rd2 {
[%clk 00:02:17]  [%emt 00:00:53]} 1/2-1/2

[Event "XVII Open Internacional Villa de Ibi"]
[Site "Ibi, Spain"]
[Date "2019.09.08"]
[Round "7.4"]
[White "Ibanez Aullana, Ramon"]
[Black "Camarena Jimenez, Rufino"]
[Result "0-1"]
[WhiteElo "2328"]
[BlackElo "2328"]
[PlyCount "74"]
[EventDate "2019.??.??"]

1. e4 {[%clk 00:15:03]  [%emt 00:00:04]} 1... e6 {
[%clk 00:14:59]  [%emt 00:00:03]} 2. d4 {[%clk 00:15:04]  [%emt 00:00:05]} 2...
d5 {[%clk 00:15:01]} 3. Nd2 {[%clk 00:15:03]} 3... c5 {
[%clk 00:14:55]  [%emt 00:00:08]} 4. Ngf3 {[%clk 00:14:12]  [%emt 00:00:50]}
4... Nc6 {[%clk 00:14:53]  [%emt 00:00:22]} 5. exd5 {
[%clk 00:13:57]  [%emt 00:00:33]} 5... exd5 {[%clk 00:14:52]} 6. dxc5 {
[%clk 00:12:47]  [%emt 00:01:16]} 6... Bxc5 {[%clk 00:14:45]} 7. Nb3 {
[%clk 00:12:47]} 7... Bb6 {[%clk 00:14:23]  [%emt 00:00:03]} 8. Bd3 {
[%clk 00:11:48]  [%emt 00:00:58]} 8... Nf6 {[%clk 00:14:13]  [%emt 00:00:15]}
9. O-O {[%clk 00:11:46]  [%emt 00:00:13]} 9... O-O {
[%clk 00:14:13]  [%emt 00:00:04]} 10. h3 {[%clk 00:10:46]  [%emt 00:01:22]}
10... Qd6 {[%clk 00:14:00]  [%emt 00:00:04]} 11. Bg5 {
[%clk 00:10:24]  [%emt 00:00:03]} 11... h6 {[%clk 00:13:51]  [%emt 00:00:18]}
12. Bh4 {[%clk 00:08:16]  [%emt 00:02:01]} 12... g5 {
[%clk 00:13:28]  [%emt 00:00:34]} 13. Nxg5 {[%clk 00:08:17]} 13... hxg5 {
[%clk 00:13:25]  [%emt 00:00:04]} 14. Bxg5 {[%clk 00:08:18]} 14... Qe5 {
[%clk 00:11:50]  [%emt 00:01:42]} 15. Bxf6 {[%clk 00:05:36]  [%emt 00:02:40]}
15... Qxf6 {[%clk 00:11:49]} 16. Qh5 {[%clk 00:05:37]} 16... Qg7 {
[%clk 00:11:40]  [%emt 00:00:16]} 17. Rad1 {[%clk 00:04:53]  [%emt 00:00:58]}
17... Re8 {[%clk 00:10:08]  [%emt 00:01:25]} 18. c3 {
[%clk 00:04:11]  [%emt 00:00:34]} 18... Re5 {[%clk 00:09:36]  [%emt 00:00:38]}
19. Qf3 {[%clk 00:03:26]  [%emt 00:01:01]} 19... Be6 {
[%clk 00:08:53]  [%emt 00:00:28]} 20. Kh1 {[%clk 00:02:28]  [%emt 00:00:59]}
20... Re8 {[%clk 00:08:44]  [%emt 00:00:33]} 21. Bb5 {
[%clk 00:02:14]  [%emt 00:00:18]} 21... Bf5 {[%clk 00:07:55]  [%emt 00:00:42]}
22. Bd3 {[%clk 00:01:41]  [%emt 00:00:21]} 22... Bxd3 {
[%clk 00:06:05]  [%emt 00:01:52]} 23. Rxd3 {[%clk 00:01:41]  [%emt 00:00:32]}
23... Re1 {[%clk 00:05:59]  [%emt 00:00:03]} 24. Rd1 {[%clk 00:01:42]} 24...
Rxf1+ {[%clk 00:05:57]} 25. Rxf1 {[%clk 00:01:44]} 25... Qe5 {
[%clk 00:05:27]  [%emt 00:00:15]} 26. Rd1 {[%clk 00:01:37]  [%emt 00:00:14]}
26... Bc7 {[%clk 00:05:23]} 27. g3 {[%clk 00:01:32]  [%emt 00:00:05]} 27... Qe4
{[%clk 00:05:18]  [%emt 00:00:07]} 28. Kg2 {[%clk 00:01:33]} 28... Bb6 {
[%clk 00:05:08]  [%emt 00:00:13]} 29. Rxd5 {[%clk 00:01:27]  [%emt 00:00:16]}
29... Qxf3+ {[%clk 00:04:59]  [%emt 00:00:08]} 30. Kxf3 {
[%clk 00:01:28]  [%emt 00:00:11]} 30... Ne5+ {[%clk 00:04:59]} 31. Kg2 {
[%clk 00:01:21]} 31... Nc4 {[%clk 00:04:57]  [%emt 00:00:04]} 32. Nd4 {
[%clk 00:00:45]  [%emt 00:00:34]} 32... Nxb2 {[%clk 00:04:54]  [%emt 00:00:12]}
33. Rd7 {[%clk 00:00:23]  [%emt 00:00:17]} 33... Na4 {
[%clk 00:04:34]  [%emt 00:00:22]} 34. Kf3 {[%clk 00:00:13]  [%emt 00:00:21]}
34... Nxc3 {[%clk 00:04:28]  [%emt 00:00:04]} 35. Nf5 {[%clk 00:00:13]} 35...
Re6 {[%clk 00:03:27]  [%emt 00:01:00]} 36. h4 {[%clk 00:00:11]  [%emt 00:00:40]
} 36... Ne4 {[%clk 00:03:18]} 37. Ne7+ {[%clk 00:00:04]  [%emt 00:00:08]} 37...
Kf8 0-1

[Event "XVII Open Internacional Villa de Ibi"]
[Site "Ibi, Spain"]
[Date "2019.09.08"]
[Round "7.6"]
[White "Carbonell Sancho, Marc"]
[Black "Pedros Viudes, Santiago"]
[Result "1-0"]
[WhiteElo "2182"]
[BlackElo "2069"]
[PlyCount "69"]
[EventDate "2019.??.??"]

1. e4 {[%clk 00:15:02]  [%emt 00:00:32]} 1... e6 {[%clk 00:15:02]} 2. d4 {
[%clk 00:15:03]} 2... d5 {[%clk 00:15:03]} 3. Nc3 {[%clk 00:15:04]} 3... Bb4 {
[%clk 00:15:03]  [%emt 00:00:03]} 4. e5 {[%clk 00:15:04]} 4... Ne7 {
[%clk 00:15:01]} 5. a3 {[%clk 00:15:04]} 5... Bxc3+ {[%clk 00:15:01]} 6. bxc3 {
[%clk 00:15:05]} 6... b6 {[%clk 00:15:03]} 7. f4 {[%clk 00:15:04]} 7... Ba6 {
[%clk 00:13:57]  [%emt 00:01:25]} 8. Bxa6 {[%clk 00:15:04]} 8... Nxa6 {
[%clk 00:13:57]} 9. Qd3 {[%clk 00:15:05]} 9... Nb8 {[%clk 00:13:56]} 10. Nf3 {
[%clk 00:15:05]} 10... Nf5 {[%clk 00:12:39]  [%emt 00:01:00]} 11. Be3 {
[%clk 00:14:47]  [%emt 00:00:42]} 11... Nc6 {[%clk 00:11:14]  [%emt 00:01:05]}
12. Bf2 {[%clk 00:14:47]  [%emt 00:00:18]} 12... h5 {
[%clk 00:10:41]  [%emt 00:00:21]} 13. O-O {[%clk 00:14:46]  [%emt 00:00:03]}
13... Na5 {[%clk 00:09:30]  [%emt 00:01:28]} 14. Nd2 {[%clk 00:14:45]} 14...
Qd7 {[%clk 00:08:51]  [%emt 00:00:27]} 15. c4 {[%clk 00:14:44]  [%emt 00:00:33]
} 15... dxc4 {[%clk 00:07:28]  [%emt 00:01:16]} 16. Nxc4 {[%emt 00:01:44]}
16... Qb5 {[%clk 00:05:36]} 17. Nxa5 {[%clk 00:13:07]  [%emt 00:01:29]} 17...
Qxa5 {[%clk 00:04:22]  [%emt 00:01:16]} 18. c4 {
[%clk 00:13:03]  [%emt 00:00:15]} 18... Rd8 {[%clk 00:04:00]  [%emt 00:00:18]}
19. Rfd1 {[%clk 00:12:53]  [%emt 00:00:09]} 19... c5 {
[%clk 00:03:14]  [%emt 00:01:09]} 20. d5 {[%clk 00:12:53]} 20... O-O {
[%clk 00:02:15]  [%emt 00:00:48]} 21. d6 {[%clk 00:12:49]  [%emt 00:00:08]}
21... Rd7 {[%clk 00:01:22]  [%emt 00:00:48]} 22. Qf3 {
[%clk 00:12:46]  [%emt 00:00:37]} 22... g6 {[%clk 00:01:22]} 23. h3 {
[%clk 00:12:46]} 23... Qa4 {[%clk 00:01:10]  [%emt 00:00:04]} 24. g4 {
[%clk 00:12:29]  [%emt 00:00:04]} 24... Ng7 {[%clk 00:01:11]  [%emt 00:00:03]}
25. Qe4 {[%clk 00:11:36]  [%emt 00:00:50]} 25... b5 {
[%clk 00:01:07]  [%emt 00:00:05]} 26. Bxc5 {[%clk 00:11:30]  [%emt 00:00:19]}
26... Rc8 {[%clk 00:01:01]} 27. Qe3 {[%clk 00:10:57]  [%emt 00:00:32]} 27...
bxc4 {[%clk 00:00:50]  [%emt 00:00:13]} 28. Rac1 {
[%clk 00:10:41]  [%emt 00:00:18]} 28... Qb3 {[%clk 00:00:33]  [%emt 00:00:44]}
29. Qxb3 {[%clk 00:09:57]  [%emt 00:00:20]} 29... cxb3 {
[%clk 00:00:34]  [%emt 00:00:23]} 30. Bb4 {[%clk 00:09:59]} 30... Rxc1 {
[%clk 00:00:16]  [%emt 00:00:17]} 31. Rxc1 {[%clk 00:10:00]} 31... hxg4 {
[%clk 00:00:12]} 32. hxg4 {[%clk 00:10:01]} 32... Kh7 {
[%clk 00:00:05]  [%emt 00:00:07]} 33. Rb1 {[%clk 00:09:57]  [%emt 00:00:08]}
33... Rb7 {[%clk 00:00:04]} 34. Rxb3 {[%clk 00:09:43]  [%emt 00:00:33]} 34...
a5 {[%clk 00:00:05]} 35. Rd3 {[%clk 00:09:44]  [%emt 00:00:03]} 1-0

[Event "XVII Open Internacional Villa de Ibi"]
[Site "Ibi, Spain"]
[Date "2019.09.08"]
[Round "7.7"]
[White "Kovacevic, Slobodan"]
[Black "Lloret Climent, Miguel"]
[Result "1-0"]
[WhiteElo "2260"]
[BlackElo "2028"]
[PlyCount "71"]
[EventDate "2019.??.??"]

1. d4 {[%clk 00:15:02]  [%emt 00:00:13]} 1... d6 {[%clk 00:15:02]} 2. Nf3 {
[%clk 00:15:02]} 2... Nd7 {[%clk 00:15:01]} 3. Bf4 {
[%clk 00:15:00]  [%emt 00:00:05]} 3... Ngf6 {[%clk 00:14:56]  [%emt 00:00:05]}
4. Nbd2 {[%clk 00:15:00]  [%emt 00:00:07]} 4... g6 {
[%clk 00:14:46]  [%emt 00:00:08]} 5. h3 {[%clk 00:14:56]  [%emt 00:00:07]} 5...
Bg7 {[%clk 00:14:43]  [%emt 00:00:04]} 6. c3 {[%clk 00:14:56]  [%emt 00:00:04]}
6... O-O {[%clk 00:14:37]  [%emt 00:00:22]} 7. e3 {[%clk 00:14:55]} 7... Nh5 {
[%clk 00:14:09]  [%emt 00:00:24]} 8. Bh2 {[%clk 00:14:48]  [%emt 00:00:03]}
8... c5 {[%clk 00:13:13]  [%emt 00:00:56]} 9. Be2 {
[%clk 00:14:44]  [%emt 00:00:06]} 9... b6 {[%clk 00:12:43]  [%emt 00:00:30]}
10. O-O {[%clk 00:14:40]  [%emt 00:00:09]} 10... Bb7 {
[%clk 00:12:38]  [%emt 00:00:26]} 11. Qb3 {[%clk 00:14:28]} 11... Nhf6 {
[%clk 00:12:16]  [%emt 00:00:15]} 12. Rfd1 {[%clk 00:14:29]  [%emt 00:00:09]}
12... Qe8 {[%clk 00:11:51]  [%emt 00:00:27]} 13. a4 {
[%clk 00:14:24]  [%emt 00:00:16]} 13... e5 {[%clk 00:11:41]} 14. dxe5 {
[%clk 00:14:12]  [%emt 00:00:10]} 14... Nxe5 {[%clk 00:11:26]  [%emt 00:00:18]}
15. a5 {[%clk 00:13:53]  [%emt 00:00:20]} 15... Bd5 {
[%clk 00:09:37]  [%emt 00:01:50]} 16. Qc2 {[%clk 00:13:25]  [%emt 00:00:58]}
16... Rb8 {[%clk 00:09:04]  [%emt 00:00:06]} 17. axb6 {
[%clk 00:13:20]  [%emt 00:00:45]} 17... axb6 {[%clk 00:09:01]} 18. Nxe5 {
[%clk 00:13:17]} 18... dxe5 {[%clk 00:08:57]} 19. Nf3 {[%clk 00:13:17]} 19...
Qe6 {[%clk 00:08:10]  [%emt 00:00:32]} 20. Ra3 {
[%clk 00:12:47]  [%emt 00:00:29]} 20... Nd7 {[%clk 00:07:40]  [%emt 00:00:32]}
21. Ng5 {[%clk 00:12:37]  [%emt 00:00:14]} 21... Qc6 {
[%clk 00:07:30]  [%emt 00:00:28]} 22. e4 {[%clk 00:10:31]  [%emt 00:02:12]}
22... Be6 {[%clk 00:07:13]} 23. Ra7 {[%clk 00:10:32]  [%emt 00:00:13]} 23...
Rfd8 {[%clk 00:06:18]  [%emt 00:00:42]} 24. Bg3 {
[%clk 00:10:06]  [%emt 00:00:31]} 24... Nf8 {[%clk 00:06:11]  [%emt 00:00:06]}
25. Nxe6 {[%clk 00:09:59]  [%emt 00:00:25]} 25... Nxe6 {[%clk 00:06:05]} 26.
Bc4 {[%clk 00:09:50]  [%emt 00:00:06]} 26... Rxd1+ {
[%clk 00:05:45]  [%emt 00:00:18]} 27. Qxd1 {[%clk 00:09:51]  [%emt 00:00:26]}
27... Rd8 {[%clk 00:05:42]} 28. Bd5 {[%clk 00:09:52]} 28... Qd6 {
[%clk 00:05:27]} 29. Qb3 {[%clk 00:09:40]  [%emt 00:00:38]} 29... Re8 {
[%clk 00:04:34]  [%emt 00:00:31]} 30. Rb7 {[%clk 00:09:31]  [%emt 00:00:34]}
30... Nd8 {[%clk 00:03:00]  [%emt 00:01:12]} 31. Bxf7+ {
[%clk 00:08:42]  [%emt 00:00:50]} 31... Kh8 {[%clk 00:02:48]  [%emt 00:00:53]}
32. Rxb6 {[%clk 00:08:35]} 32... Nxf7 {[%clk 00:02:39]  [%emt 00:00:03]} 33.
Rxd6 {[%clk 00:08:34]} 33... Nxd6 {[%clk 00:02:40]} 34. Qd5 {[%clk 00:08:32]}
34... Nc8 {[%clk 00:01:57]  [%emt 00:00:46]} 35. Qxc5 {[%clk 00:08:22]} 35...
h5 {[%clk 00:01:20]  [%emt 00:00:36]} 36. Qc6 {[%clk 00:08:23]  [%emt 00:00:14]
} 1-0

[Event "XVII Open Internacional Villa de Ibi"]
[Site "Ibi, Spain"]
[Date "2019.09.08"]
[Round "7.8"]
[White "Martinez Sanchez, Pedro Jose"]
[Black "Bendayan Claros, Aaron"]
[Result "1/2-1/2"]
[WhiteElo "2041"]
[BlackElo "2167"]
[PlyCount "72"]
[EventDate "2019.??.??"]

1. d4 {[%clk 00:15:02]  [%emt 00:00:08]} 1... Nf6 {
[%clk 00:15:00]  [%emt 00:00:07]} 2. Nf3 {[%clk 00:14:57]} 2... d5 {
[%clk 00:15:00]  [%emt 00:00:11]} 3. Bf4 {[%clk 00:14:53]} 3... c5 {
[%clk 00:14:57]  [%emt 00:00:04]} 4. c3 {[%clk 00:14:47]  [%emt 00:00:06]} 4...
Nc6 {[%clk 00:14:55]  [%emt 00:00:03]} 5. e3 {[%clk 00:14:46]  [%emt 00:00:03]}
5... Qb6 {[%clk 00:14:52]  [%emt 00:00:08]} 6. Qb3 {
[%clk 00:14:43]  [%emt 00:00:09]} 6... c4 {[%clk 00:14:50]} 7. Qc2 {
[%clk 00:14:34]  [%emt 00:00:06]} 7... Bf5 {[%clk 00:14:47]  [%emt 00:00:21]}
8. Qc1 {[%clk 00:14:07]  [%emt 00:00:37]} 8... e6 {
[%clk 00:14:46]  [%emt 00:00:03]} 9. Be2 {[%clk 00:14:07]} 9... Be7 {
[%clk 00:14:45]} 10. O-O {[%clk 00:14:02]} 10... O-O {[%clk 00:14:44]} 11. Nbd2
{[%clk 00:14:03]} 11... Qd8 {[%clk 00:14:42]  [%emt 00:00:04]} 12. Nh4 {
[%clk 00:13:00]  [%emt 00:01:03]} 12... Be4 {[%clk 00:13:23]  [%emt 00:01:27]}
13. Nxe4 {[%clk 00:12:22]  [%emt 00:01:06]} 13... Nxe4 {
[%clk 00:12:11]  [%emt 00:00:35]} 14. Nf3 {[%clk 00:12:22]  [%emt 00:00:14]}
14... b5 {[%clk 00:12:06]} 15. Ne5 {[%clk 00:11:58]  [%emt 00:00:23]} 15...
Nxe5 {[%clk 00:11:57]  [%emt 00:00:30]} 16. Bxe5 {[%clk 00:11:58]} 16... b4 {
[%clk 00:10:08]  [%emt 00:01:35]} 17. f3 {[%clk 00:11:39]  [%emt 00:00:20]}
17... Nf6 {[%clk 00:09:40]  [%emt 00:00:29]} 18. Bxf6 {
[%clk 00:11:21]  [%emt 00:00:33]} 18... gxf6 {[%clk 00:09:40]} 19. e4 {
[%clk 00:11:11]  [%emt 00:00:13]} 19... bxc3 {[%clk 00:09:24]  [%emt 00:00:06]}
20. bxc3 {[%clk 00:11:03]  [%emt 00:00:37]} 20... Kh8 {
[%clk 00:08:14]  [%emt 00:00:45]} 21. Rb1 {[%clk 00:10:34]  [%emt 00:00:31]}
21... Qa5 {[%clk 00:06:54]  [%emt 00:01:48]} 22. Qc2 {
[%clk 00:10:21]  [%emt 00:00:06]} 22... Rab8 {[%clk 00:06:31]  [%emt 00:00:31]}
23. exd5 {[%clk 00:09:55]  [%emt 00:00:17]} 23... Qxd5 {
[%clk 00:06:22]  [%emt 00:00:03]} 24. Qa4 {[%clk 00:09:26]  [%emt 00:00:27]}
24... Qg5 {[%clk 00:05:44]  [%emt 00:00:39]} 25. f4 {
[%clk 00:08:25]  [%emt 00:01:13]} 25... Qf5 {[%clk 00:05:17]  [%emt 00:00:18]}
26. Rxb8 {[%clk 00:07:12]  [%emt 00:01:22]} 26... Rxb8 {
[%clk 00:05:16]  [%emt 00:00:06]} 27. Qxc4 {[%clk 00:07:11]} 27... Rb2 {
[%clk 00:04:59]  [%emt 00:00:15]} 28. Qd3 {[%clk 00:05:34]  [%emt 00:01:53]}
28... Qa5 {[%clk 00:03:48]  [%emt 00:00:57]} 29. Bf3 {
[%clk 00:04:58]  [%emt 00:01:07]} 29... Rxa2 {[%clk 00:03:26]} 30. d5 {
[%clk 00:04:48]  [%emt 00:00:19]} 30... Ra3 {[%clk 00:01:46]  [%emt 00:02:11]}
31. dxe6 {[%clk 00:04:36]} 31... Rxc3 {[%clk 00:00:36]  [%emt 00:00:44]} 32.
Qd7 {[%clk 00:04:22]  [%emt 00:00:24]} 32... Qb6+ {[%clk 00:00:36]} 33. Kh1 {
[%clk 00:04:21]  [%emt 00:00:24]} 33... Qxe6 {[%clk 00:00:35]} 34. Qxa7 {
[%emt 00:00:04]} 34... Kg7 {[%clk 00:00:27]  [%emt 00:00:06]} 35. Qf2 {
[%clk 00:03:36]  [%emt 00:00:47]} 35... Qf5 {[%clk 00:00:12]} 36. Qg3+ {
[%clk 00:03:19]  [%emt 00:00:16]} 36... Qg6 {[%clk 00:00:11]  [%emt 00:00:04]}
1/2-1/2